[Event "World Chess Olympiad 2018"]
[Site "Batumi"]
[Date "2018.10.05"]
[Round "11"]
[Board "2"]
[WhiteFideId "316385"]
[White "Laznicka Viktor"]
[BlackFideId "14102951"]
[Black "Eljanov Pavel"]
[Result "1/2-1/2"]
[LiveChessVersion "1.4.8"]
[BlackElo "2703"]
[WhiteElo "2662"]

1. c4 {[%clk 1:30:57]} Nf6 {[%clk 1:30:45]} 2. Nc3 {[%clk 1:31:05]} e5
{[%clk 1:31:07]} 3. Nf3 {[%clk 1:31:14]} Nc6 {[%clk 1:31:32]} 4. e3
{[%clk 1:31:34]} Bb4 {[%clk 1:31:05]} 5. Qc2 {[%clk 1:31:58]} O-O
{[%clk 1:30:33]} 6. Nd5 {[%clk 1:32:04]} Be7 {[%clk 1:30:18]} 7. a3
{[%clk 1:28:44]} d6 {[%clk 1:30:28]} 8. Ng5 {[%clk 1:19:20]} g6 {[%clk 1:30:31]}
9. Nxe7+ {[%clk 1:19:45]} Qxe7 {[%clk 1:30:47]} 10. d3 {[%clk 1:20:07]} Ng4
{[%clk 1:17:45]} 11. Nf3 {[%clk 0:59:47]} f5 {[%clk 1:18:03]} 12. h3
{[%clk 0:56:58]} Nf6 {[%clk 1:10:42]} 13. b3 {[%clk 0:55:31]} b6 {[%clk 1:00:43]}
14. Bb2 {[%clk 0:53:40]} Bb7 {[%clk 1:01:02]} 15. O-O-O {[%clk 0:53:47]} Nd8
{[%clk 0:59:43]} 16. Rg1 {[%clk 0:45:36]} c5 {[%clk 0:57:52]} 17. Be2
{[%clk 0:44:35]} a5 {[%clk 0:51:08]} 18. Nd2 {[%clk 0:41:41]} Ne6
{[%clk 0:44:24]} 19. a4 {[%clk 0:35:06]} f4 {[%clk 0:41:10]} 20. Rde1
{[%clk 0:31:10]} Qg7 {[%clk 0:38:17]} 21. Kb1 {[%clk 0:22:19]} Qh6
{[%clk 0:37:27]} 22. Bf3 {[%clk 0:17:52]} Bxf3 {[%clk 0:37:42]} 23. Nxf3
{[%clk 0:18:19]} Ng5 {[%clk 0:26:46]} 24. d4 {[%clk 0:11:52]} Nxf3
{[%clk 0:25:18]} 25. gxf3 {[%clk 0:12:18]} Rae8 {[%clk 0:24:26]} 26. dxe5
{[%clk 0:12:24]} dxe5 {[%clk 0:24:51]} 27. exf4 {[%clk 0:09:52]} Qxf4
{[%clk 0:25:17]} 28. Re3 {[%clk 0:09:39]} Re6 {[%clk 0:18:51]} 29. Rge1
{[%clk 0:07:29]} Rfe8 {[%clk 0:19:12]} 30. Ka2 {[%clk 0:05:47]} Kf7
{[%clk 0:15:45]} 31. Qc3 {[%clk 0:04:14]} Qd4 {[%clk 0:15:59]} 32. Qc2
{[%clk 0:04:33]} Qf4 {[%clk 0:16:15]} 33. Qe2 {[%clk 0:04:29]} Nd7
{[%clk 0:08:46]} 34. Re4 {[%clk 0:03:46]} Qf5 {[%clk 0:09:11]} 35. h4
{[%clk 0:02:56]} Nf6 {[%clk 0:04:50]} 36. Re3 {[%clk 0:03:23]} Nd7
{[%clk 0:05:14]} 37. Ka3 {[%clk 0:02:47]} Nb8 {[%clk 0:04:23]} 38. Bxe5
{[%clk 0:02:34]} Nc6 {[%clk 0:04:49]} 39. Bc3 {[%clk 0:01:53]} Nb4
{[%clk 0:02:19]} 40. Re4 {[%clk 0:31:36]} Rxe4 {[%clk 0:31:53]} 41. fxe4
{[%clk 0:29:54]} Qh3 {[%clk 0:32:16]} 42. Qd2 {[%clk 0:13:54]} Qxh4
{[%clk 0:32:39]} 43. Qd1 {[%clk 0:06:41]} Rd8 {[%clk 0:24:04]} 44. Qf3+
{[%clk 0:06:50]} Ke8 {[%clk 0:24:27]} 45. Rh1 {[%clk 0:03:53]} Rd3
{[%clk 0:18:10]} 46. Qxd3 {[%clk 0:04:16]} 1/2-1/2

[Event "World Chess Olympiad 2018"]
[Site "Batumi"]
[Date "2018.10.05"]
[Round "11"]
[Board "3"]
[WhiteFideId "14109182"]
[White "Kryvoruchko Yuriy"]
[BlackFideId "304760"]
[Black "Stocek Jiri"]
[Result "1-0"]
[LiveChessVersion "1.4.8"]
[BlackElo "2574"]
[WhiteElo "2695"]

1. e4 {[%clk 1:30:57]} e6 {[%clk 1:30:11]} 2. d4 {[%clk 1:31:21]} d5
{[%clk 1:30:36]} 3. Nc3 {[%clk 1:31:45]} Bb4 {[%clk 1:30:58]} 4. e5
{[%clk 1:32:03]} c5 {[%clk 1:31:21]} 5. a3 {[%clk 1:32:22]} Ba5 {[%clk 1:31:46]}
6. b4 {[%clk 1:31:56]} cxd4 {[%clk 1:32:02]} 7. Nb5 {[%clk 1:32:09]} Bc7
{[%clk 1:32:11]} 8. f4 {[%clk 1:31:21]} Bd7 {[%clk 1:31:59]} 9. Nxc7+
{[%clk 1:30:30]} Qxc7 {[%clk 1:32:23]} 10. Nf3 {[%clk 1:29:55]} Ba4
{[%clk 1:32:05]} 11. Bd3 {[%clk 1:30:18]} Ne7 {[%clk 1:31:53]} 12. O-O
{[%clk 1:29:04]} Qb6 {[%clk 1:30:51]} 13. Qe1 {[%clk 1:16:07]} Nf5
{[%clk 1:08:25]} 14. Bxf5 {[%clk 1:09:07]} exf5 {[%clk 1:08:48]} 15. Qf2
{[%clk 1:07:24]} Nc6 {[%clk 1:06:05]} 16. Bb2 {[%clk 1:07:37]} O-O
{[%clk 0:40:38]} 17. Nxd4 {[%clk 0:54:42]} Nxd4 {[%clk 0:40:28]} 18. Bxd4
{[%clk 0:55:08]} Qc6 {[%clk 0:34:47]} 19. Bxa7 {[%clk 0:53:49]} Qxc2
{[%clk 0:29:37]} 20. Qxc2 {[%clk 0:51:18]} Bxc2 {[%clk 0:30:01]} 21. Rfc1
{[%clk 0:51:46]} Ba4 {[%clk 0:28:36]} 22. Bd4 {[%clk 0:50:22]} Rfc8
{[%clk 0:28:28]} 23. Rc5 {[%clk 0:50:33]} Rxc5 {[%clk 0:27:09]} 24. Bxc5
{[%clk 0:50:59]} Rd8 {[%clk 0:17:47]} 25. Kf2 {[%clk 0:49:11]} d4
{[%clk 0:17:56]} 26. Bb6 {[%clk 0:48:29]} Rd5 {[%clk 0:16:19]} 27. Rc1
{[%clk 0:46:25]} h6 {[%clk 0:08:01]} 28. Rc8+ {[%clk 0:43:19]} Kh7
{[%clk 0:08:28]} 29. Ke1 {[%clk 0:43:45]} Kg6 {[%clk 0:06:01]} 30. g3
{[%clk 0:40:54]} f6 {[%clk 0:05:30]} 31. exf6 {[%clk 0:36:50]} gxf6
{[%clk 0:05:08]} 32. Kd2 {[%clk 0:35:39]} d3 {[%clk 0:04:29]} 33. Ra8
{[%clk 0:33:00]} Bc6 {[%clk 0:03:24]} 34. a4 {[%clk 0:32:49]} Rd7
{[%clk 0:03:24]} 35. b5 {[%clk 0:30:48]} Be4 {[%clk 0:03:44]} 36. Rc8
{[%clk 0:30:45]} h5 {[%clk 0:03:04]} 37. a5 {[%clk 0:28:55]} Rd5 {[%clk 0:02:42]}
38. Bc5 {[%clk 0:28:42]} h4 {[%clk 0:01:21]} 39. gxh4 {[%clk 0:28:04]} Kh5
{[%clk 0:01:34]} 40. b6 {[%clk 0:54:30]} Rd7 {[%clk 0:31:13]} 41. Rh8+
{[%clk 0:52:07]} Kg4 {[%clk 0:27:07]} 42. h5 {[%clk 0:52:16]} Kxf4
{[%clk 0:23:47]} 43. Rg8 {[%clk 0:46:56]} Ke5 {[%clk 0:21:32]} 44. h6
{[%clk 0:47:11]} Rh7 {[%clk 0:20:33]} 45. Re8+ {[%clk 0:44:36]} Kd5
{[%clk 0:20:56]} 46. Be3 {[%clk 0:44:54]} Kc6 {[%clk 0:18:08]} 47. Rc8+
{[%clk 0:44:48]} Kb5 {[%clk 0:18:03]} 48. Rc5+ {[%clk 0:45:04]} Ka6
{[%clk 0:16:07]} 49. Bf4 {[%clk 0:45:24]} Rh8 {[%clk 0:16:01]} 50. Kc3
{[%clk 0:45:25]} Rd8 {[%clk 0:14:09]} 51. h7 {[%clk 0:27:07]} Rh8
{[%clk 0:12:57]} 52. Kb4 {[%clk 0:27:32]} Bc6 {[%clk 0:12:37]} 53. Rc3
{[%clk 0:27:37]} Rxh7 {[%clk 0:10:17]} 54. Rxd3 {[%clk 0:28:03]} Rh8
{[%clk 0:05:54]} 55. Rd6 {[%clk 0:20:53]} Bb5 {[%clk 0:02:12]} 56. Rd4
{[%clk 0:16:34]} Rh4 {[%clk 0:01:48]} 57. Kc5 {[%clk 0:16:46]} Rh8
{[%clk 0:01:23]} 58. Bg3 {[%clk 0:14:25]} Rc8+ {[%clk 0:01:30]} 59. Bc7
{[%clk 0:14:51]} Kxa5 {[%clk 0:01:15]} 60. Rf4 {[%clk 0:10:44]} Bd7
{[%clk 0:01:03]} 61. Kd6 {[%clk 0:10:41]} Bb5 {[%clk 0:01:15]} 62. Rxf5
{[%clk 0:10:50]} Rh8 {[%clk 0:01:21]} 63. Ke7 {[%clk 0:10:21]} Kb4
{[%clk 0:01:16]} 64. Rxf6 {[%clk 0:10:41]} Bc4 {[%clk 0:01:13]} 65. Rf5
{[%clk 0:10:55]} Rh7+ {[%clk 0:01:28]} 66. Kd8 {[%clk 0:10:29]} Rh8+
{[%clk 0:01:29]} 67. Kd7 {[%clk 0:10:50]} Rh7+ {[%clk 0:01:45]} 68. Ke8
{[%clk 0:10:55]} Kc3 {[%clk 0:01:33]} 69. Be5+ {[%clk 0:10:43]} Kb4
{[%clk 0:01:13]} 70. Bd6+ {[%clk 0:11:03]} Kc3 {[%clk 0:01:32]} 71. Rf6
{[%clk 0:10:20]} Bd5 {[%clk 0:01:32]} 72. Kd8 {[%clk 0:10:27]} Rh8+
{[%clk 0:01:00]} 73. Kc7 {[%clk 0:10:52]} Rh7+ {[%clk 0:01:26]} 74. Kb8
{[%clk 0:11:17]} Kc4 {[%clk 0:01:25]} 75. Rf5 {[%clk 0:11:30]} Rh8+
{[%clk 0:01:03]} 76. Ka7 {[%clk 0:11:55]} Rh7 {[%clk 0:01:25]} 77. Bg3
{[%clk 0:11:17]} Bc6 {[%clk 0:01:24]} 78. h4 {[%clk 0:11:38]} Kd4
{[%clk 0:01:21]} 79. Bf2+ {[%clk 0:11:41]} Ke4 {[%clk 0:01:31]} 80. Rf6
{[%clk 0:10:45]} Bd5 {[%clk 0:01:39]} 81. Bg3 {[%clk 0:10:56]} Kd4
{[%clk 0:01:48]} 82. Rf5 {[%clk 0:11:08]} Bc6 {[%clk 0:01:22]} 83. Rf8
{[%clk 0:11:02]} Ke4 {[%clk 0:01:15]} 84. Rf4+ {[%clk 0:10:41]} Ke3
{[%clk 0:01:11]} 85. Rf6 {[%clk 0:10:57]} Bd5 {[%clk 0:01:23]} 86. Bf4+
{[%clk 0:11:18]} Ke4 {[%clk 0:01:32]} 87. Bg5 {[%clk 0:11:30]} Ke5
{[%clk 0:01:17]} 88. Rf8 {[%clk 0:11:57]} Bc6 {[%clk 0:01:14]} 89. Rc8
{[%clk 0:12:03]} Kd6 {[%clk 0:00:48]} 90. Rc7 {[%clk 0:10:46]} Rxc7
{[%clk 0:00:44]} 91. Bf4+ {[%clk 0:11:12]} Kd7 {[%clk 0:01:12]} 92. bxc7
{[%clk 0:11:37]} Kc8 {[%clk 0:01:41]} 93. h5 {[%clk 0:11:58]} Be4
{[%clk 0:01:54]} 94. Kb6 {[%clk 0:12:24]} Bf3 {[%clk 0:01:29]} 95. h6
{[%clk 0:12:50]} Be4 {[%clk 0:01:58]} 96. Bd2 {[%clk 0:13:13]} Bh7
{[%clk 0:02:10]} 97. Ba5 {[%clk 0:13:35]} Bd3 {[%clk 0:02:37]} 98. Kc5
{[%clk 0:13:52]} b5 {[%clk 0:03:03]} 99. Kb6 {[%clk 0:14:19]} 1-0

[Event "World Chess Olympiad 2018"]
[Site "Batumi"]
[Date "2018.10.05"]
[Round "11"]
[Board "2"]
[WhiteFideId "13701525"]
[White "Ismagambetov Anuar"]
[BlackFideId "404853"]
[Black "McShane Luke J"]
[Result "1/2-1/2"]
[LiveChessVersion "1.4.8"]
[BlackElo "2672"]
[WhiteElo "2538"]

1. e4 {[%clk 1:30:56]} e5 {[%clk 1:30:56]} 2. Nf3 {[%clk 1:30:35]} Nc6
{[%clk 1:31:20]} 3. Bb5 {[%clk 1:31:00]} Nf6 {[%clk 1:31:44]} 4. O-O
{[%clk 1:26:17]} Nxe4 {[%clk 1:32:07]} 5. Re1 {[%clk 1:26:43]} Nd6
{[%clk 1:32:30]} 6. Nxe5 {[%clk 1:27:07]} Nxe5 {[%clk 1:32:41]} 7. Rxe5+
{[%clk 1:27:31]} Be7 {[%clk 1:33:05]} 8. Bf1 {[%clk 1:27:52]} O-O
{[%clk 1:33:12]} 9. Nc3 {[%clk 1:27:17]} Ne8 {[%clk 1:29:08]} 10. Nd5
{[%clk 1:26:12]} Bd6 {[%clk 1:29:07]} 11. Re1 {[%clk 1:26:27]} c6
{[%clk 1:29:02]} 12. Ne3 {[%clk 1:26:51]} Bc7 {[%clk 1:29:12]} 13. Nf5
{[%clk 1:26:19]} d5 {[%clk 1:29:36]} 14. Ne7+ {[%clk 1:26:45]} Kh8
{[%clk 1:30:02]} 15. Nxc8 {[%clk 1:27:10]} Rxc8 {[%clk 1:29:50]} 16. d3
{[%clk 1:22:00]} f5 {[%clk 1:20:21]} 17. Qf3 {[%clk 1:09:59]} Qf6
{[%clk 1:05:58]} 18. c3 {[%clk 1:06:43]} Nd6 {[%clk 0:59:14]} 19. Bf4
{[%clk 0:56:30]} Nf7 {[%clk 0:55:10]} 20. Bxc7 {[%clk 0:53:56]} Rxc7
{[%clk 0:55:35]} 21. Qe3 {[%clk 0:49:29]} a6 {[%clk 0:54:06]} 22. d4
{[%clk 0:47:36]} g6 {[%clk 0:51:10]} 23. Bd3 {[%clk 0:45:13]} Kg7
{[%clk 0:44:10]} 24. f3 {[%clk 0:44:35]} Nd6 {[%clk 0:38:16]} 25. Qe5
{[%clk 0:38:20]} Re8 {[%clk 0:36:08]} 26. Qxf6+ {[%clk 0:37:22]} Kxf6
{[%clk 0:36:33]} 27. Rxe8 {[%clk 0:37:40]} Nxe8 {[%clk 0:36:59]} 28. Kf2
{[%clk 0:37:50]} Nd6 {[%clk 0:32:30]} 29. Re1 {[%clk 0:33:09]} Rc8
{[%clk 0:29:35]} 30. Rd1 {[%clk 0:32:13]} a5 {[%clk 0:24:58]} 31. Ra1
{[%clk 0:30:39]} Re8 {[%clk 0:14:38]} 32. Be2 {[%clk 0:26:08]} Rb8
{[%clk 0:14:06]} 33. a4 {[%clk 0:21:31]} Ra8 {[%clk 0:13:38]} 34. Ke3
{[%clk 0:20:01]} Ne8 {[%clk 0:13:34]} 35. Kd2 {[%clk 0:17:29]} Nc7
{[%clk 0:12:55]} 36. Bd3 {[%clk 0:17:47]} Ne6 {[%clk 0:12:48]} 37. Re1
{[%clk 0:17:55]} Ke7 {[%clk 0:11:04]} 38. Rh1 {[%clk 0:13:29]} Nf4
{[%clk 0:09:07]} 39. Re1+ {[%clk 0:12:11]} Kd6 {[%clk 0:09:00]} 40. Bf1
{[%clk 0:42:37]} Ne6 {[%clk 0:39:04]} 41. Bd3 {[%clk 0:42:48]} Nf4
{[%clk 0:39:20]} 42. Bf1 {[%clk 0:43:12]} Ne6 {[%clk 0:39:45]} 43. Bd3
{[%clk 0:43:40]} Rg8 {[%clk 0:39:37]} 44. Rb1 {[%clk 0:41:14]} Ra8
{[%clk 0:36:15]} 1/2-1/2

[Event "World Chess Olympiad 2018"]
[Site "Batumi"]
[Date "2018.10.05"]
[Round "11"]
[Board "3"]
[WhiteFideId "410608"]
[White "Howell David W L"]
[BlackFideId "13700316"]
[Black "Kazhgaleyev Murtas"]
[Result "1-0"]
[LiveChessVersion "1.4.8"]
[BlackElo "2582"]
[WhiteElo "2689"]

1. Nf3 {[%clk 1:30:31]} Nf6 {[%clk 1:30:40]} 2. c4 {[%clk 1:30:48]} e6
{[%clk 1:30:57]} 3. b3 {[%clk 1:26:21]} d5 {[%clk 1:27:55]} 4. Bb2
{[%clk 1:26:22]} Be7 {[%clk 1:24:16]} 5. e3 {[%clk 1:22:56]} O-O {[%clk 1:23:24]}
6. Nc3 {[%clk 1:23:14]} c5 {[%clk 1:22:55]} 7. cxd5 {[%clk 1:23:31]} exd5
{[%clk 1:22:28]} 8. d4 {[%clk 1:23:43]} Nc6 {[%clk 1:22:44]} 9. Be2
{[%clk 1:19:43]} Bg4 {[%clk 1:21:13]} 10. dxc5 {[%clk 1:18:54]} Bxc5
{[%clk 1:21:26]} 11. O-O {[%clk 1:19:08]} a6 {[%clk 1:17:27]} 12. h3
{[%clk 1:18:46]} Be6 {[%clk 1:10:59]} 13. Bd3 {[%clk 1:19:03]} Qe7
{[%clk 1:04:50]} 14. a3 {[%clk 0:58:19]} Rad8 {[%clk 1:02:03]} 15. Ne2
{[%clk 0:57:14]} Ne4 {[%clk 1:00:20]} 16. b4 {[%clk 0:54:50]} Bd6
{[%clk 0:54:36]} 17. Rc1 {[%clk 0:53:47]} a5 {[%clk 0:51:35]} 18. b5
{[%clk 0:39:05]} Nb8 {[%clk 0:51:14]} 19. Qa4 {[%clk 0:39:03]} Nd7
{[%clk 0:46:55]} 20. Nf4 {[%clk 0:36:54]} Ndc5 {[%clk 0:40:41]} 21. Qd4
{[%clk 0:35:40]} f6 {[%clk 0:40:42]} 22. Bc2 {[%clk 0:25:47]} g5 {[%clk 0:36:06]}
23. Nxe6 {[%clk 0:24:05]} Nxe6 {[%clk 0:36:18]} 24. Qd3 {[%clk 0:22:54]} f5
{[%clk 0:35:19]} 25. Nd2 {[%clk 0:11:31]} g4 {[%clk 0:30:40]} 26. Nxe4
{[%clk 0:11:01]} fxe4 {[%clk 0:28:11]} 27. Qc3 {[%clk 0:09:45]} Kf7
{[%clk 0:19:40]} 28. hxg4 {[%clk 0:05:53]} Rg8 {[%clk 0:19:35]} 29. f3
{[%clk 0:04:50]} Qh4 {[%clk 0:18:07]} 30. fxe4+ {[%clk 0:04:49]} Ke8
{[%clk 0:18:30]} 31. e5 {[%clk 0:04:52]} Qxg4 {[%clk 0:15:24]} 32. Rf2
{[%clk 0:04:35]} Bc5 {[%clk 0:11:55]} 33. Bf5 {[%clk 0:04:16]} Qg3
{[%clk 0:11:25]} 34. Bxe6 {[%clk 0:02:49]} Bxe3 {[%clk 0:11:52]} 35. Qxe3
{[%clk 0:02:54]} Qxe3 {[%clk 0:12:16]} 36. Bxg8 {[%clk 0:03:12]} d4
{[%clk 0:11:38]} 37. e6 {[%clk 0:02:05]} Ke7 {[%clk 0:07:25]} 38. Bf7
{[%clk 0:02:08]} d3 {[%clk 0:06:44]} 39. Bf6+ {[%clk 0:01:01]} Kd6
{[%clk 0:07:03]} 40. Rd1 {[%clk 0:30:44]} Rc8 {[%clk 0:36:00]} 41. e7
{[%clk 0:26:56]} Kc5 {[%clk 0:32:37]} 42. Bh4 {[%clk 0:17:32]} Kxb5
{[%clk 0:27:16]} 43. Kh2 {[%clk 0:17:46]} Qe4 {[%clk 0:22:52]} 44. Bf6
{[%clk 0:14:25]} Ka6 {[%clk 0:16:20]} 45. Rf3 {[%clk 0:14:24]} Qe2
{[%clk 0:14:38]} 46. Rdxd3 {[%clk 0:12:31]} Rc2 {[%clk 0:13:42]} 47. Rg3
{[%clk 0:12:55]} Rc8 {[%clk 0:09:26]} 48. Rd8 {[%clk 0:10:12]} 1-0

[Event "World Chess Olympiad 2018"]
[Site "Batumi"]
[Date "2018.10.05"]
[Round "11"]
[Board "4"]
[WhiteFideId "13707647"]
[White "Makhnev Denis"]
[BlackFideId "409561"]
[Black "Jones Gawain C B"]
[Result "0-1"]
[LiveChessVersion "1.4.8"]
[BlackElo "2677"]
[WhiteElo "2449"]

1. d4 {[%clk 1:30:55]} Nf6 {[%clk 1:30:40]} 2. c4 {[%clk 1:31:14]} g6
{[%clk 1:31:06]} 3. Nc3 {[%clk 1:31:25]} Bg7 {[%clk 1:31:30]} 4. e4
{[%clk 1:31:42]} O-O {[%clk 1:31:39]} 5. Be2 {[%clk 1:29:25]} d6 {[%clk 1:31:57]}
6. Be3 {[%clk 1:29:48]} c5 {[%clk 1:31:19]} 7. d5 {[%clk 1:30:03]} e6
{[%clk 1:31:02]} 8. Nf3 {[%clk 1:29:53]} exd5 {[%clk 1:31:23]} 9. cxd5
{[%clk 1:30:04]} Bg4 {[%clk 1:31:42]} 10. Nd2 {[%clk 1:30:19]} Bxe2
{[%clk 1:31:24]} 11. Qxe2 {[%clk 1:30:44]} Re8 {[%clk 1:31:04]} 12. O-O
{[%clk 1:29:55]} Na6 {[%clk 1:26:06]} 13. Kh1 {[%clk 1:22:15]} Nc7
{[%clk 1:14:55]} 14. a4 {[%clk 1:21:52]} Nxe4 {[%clk 1:14:07]} 15. Ndxe4
{[%clk 1:18:07]} f5 {[%clk 1:14:10]} 16. f3 {[%clk 1:18:31]} fxe4
{[%clk 1:00:29]} 17. Nxe4 {[%clk 1:18:56]} b6 {[%clk 1:00:04]} 18. Bf4
{[%clk 1:04:34]} Qe7 {[%clk 0:54:07]} 19. Qc4 {[%clk 0:56:36]} Be5
{[%clk 0:48:59]} 20. Bxe5 {[%clk 0:41:34]} Qxe5 {[%clk 0:49:09]} 21. b4
{[%clk 0:42:01]} Kg7 {[%clk 0:41:53]} 22. Rad1 {[%clk 0:41:54]} Rad8
{[%clk 0:32:22]} 23. Rfe1 {[%clk 0:40:06]} Rd7 {[%clk 0:30:46]} 24. Qc1
{[%clk 0:32:20]} Qf5 {[%clk 0:23:06]} 25. Qc3+ {[%clk 0:31:37]} Qe5
{[%clk 0:22:03]} 26. Qc1 {[%clk 0:32:03]} Qf5 {[%clk 0:22:26]} 27. bxc5
{[%clk 0:32:30]} bxc5 {[%clk 0:21:20]} 28. Qb2+ {[%clk 0:32:55]} Qe5
{[%clk 0:20:48]} 29. Qb7 {[%clk 0:33:20]} Rde7 {[%clk 0:19:36]} 30. Qc6
{[%clk 0:31:49]} Rd8 {[%clk 0:14:48]} 31. h3 {[%clk 0:26:40]} Ne8
{[%clk 0:14:14]} 32. Re2 {[%clk 0:22:16]} Rb8 {[%clk 0:12:04]} 33. Rde1
{[%clk 0:15:50]} Qf4 {[%clk 0:09:49]} 34. Qa6 {[%clk 0:15:27]} Rb6
{[%clk 0:06:18]} 35. Qd3 {[%clk 0:11:53]} Nf6 {[%clk 0:05:05]} 36. Nxf6
{[%clk 0:10:10]} Rxe2 {[%clk 0:05:30]} 37. Nh5+ {[%clk 0:10:37]} gxh5
{[%clk 0:05:55]} 38. Qxe2 {[%clk 0:11:04]} Rb7 {[%clk 0:05:58]} 39. Qa6
{[%clk 0:03:12]} Rd7 {[%clk 0:02:41]} 40. Qc8 {[%clk 0:30:43]} Rf7
{[%clk 0:32:28]} 41. Re4 {[%clk 0:28:32]} Qf5 {[%clk 0:22:38]} 42. Qc6
{[%clk 0:26:15]} Rf6 {[%clk 0:14:59]} 43. a5 {[%clk 0:16:25]} Kh6
{[%clk 0:15:06]} 44. a6 {[%clk 0:16:05]} Rg6 {[%clk 0:13:56]} 45. h4
{[%clk 0:16:27]} Qf6 {[%clk 0:13:26]} 46. Qe8 {[%clk 0:10:05]} Qa1+
{[%clk 0:12:05]} 47. Kh2 {[%clk 0:10:30]} Qg7 {[%clk 0:11:38]} 48. Re2
{[%clk 0:10:50]} Qf6 {[%clk 0:11:41]} 49. Qe3+ {[%clk 0:10:36]} Kg7
{[%clk 0:12:09]} 50. Qe7+ {[%clk 0:08:25]} Qf7 {[%clk 0:12:13]} 51. Qb7
{[%clk 0:05:52]} Kf8 {[%clk 0:11:35]} 52. Re4 {[%clk 0:05:53]} Rf6
{[%clk 0:11:13]} 53. Qb2 {[%clk 0:05:55]} Kg8 {[%clk 0:10:52]} 54. Re1
{[%clk 0:04:24]} Qf8 {[%clk 0:10:23]} 55. Qb5 {[%clk 0:02:44]} Kg7
{[%clk 0:09:28]} 56. Qb2 {[%clk 0:02:07]} Kg8 {[%clk 0:09:36]} 57. Rb1
{[%clk 0:01:55]} Rf4 {[%clk 0:09:19]} 58. Qb8 {[%clk 0:01:34]} Rxh4+
{[%clk 0:08:42]} 59. Kg3 {[%clk 0:02:00]} Ra4 {[%clk 0:08:40]} 60. Qxf8+
{[%clk 0:01:35]} Kxf8 {[%clk 0:09:09]} 61. Rb8+ {[%clk 0:01:56]} Kf7
{[%clk 0:09:30]} 62. Rb7+ {[%clk 0:02:20]} Kf6 {[%clk 0:07:16]} 63. Rxa7
{[%clk 0:01:29]} h4+ {[%clk 0:07:01]} 64. Kf2 {[%clk 0:01:19]} h6
{[%clk 0:07:18]} 65. Ke3 {[%clk 0:01:06]} Ra2 {[%clk 0:06:09]} 66. Ra8
{[%clk 0:01:24]} Ra3+ {[%clk 0:04:59]} 67. Ke4 {[%clk 0:01:51]} Ra4+
{[%clk 0:05:25]} 68. Ke3 {[%clk 0:02:16]} Ra3+ {[%clk 0:05:30]} 69. Kd2
{[%clk 0:01:44]} Ke5 {[%clk 0:05:45]} 70. f4+ {[%clk 0:02:06]} Kd4
{[%clk 0:05:47]} 71. f5 {[%clk 0:01:44]} Ra2+ {[%clk 0:05:55]} 72. Ke1
{[%clk 0:01:35]} Rxg2 {[%clk 0:05:56]} 73. Rh8 {[%clk 0:01:04]} h3
{[%clk 0:05:33]} 74. Rxh6 {[%clk 0:01:29]} h2 {[%clk 0:05:05]} 75. a7
{[%clk 0:01:54]} Ra2 {[%clk 0:05:18]} 76. Rxh2 {[%clk 0:02:20]} Rxa7
{[%clk 0:05:15]} 77. Rd2+ {[%clk 0:01:52]} Ke5 {[%clk 0:05:39]} 78. Kf2
{[%clk 0:01:41]} Rf7 0-1

[Event "World Chess Olympiad 2018"]
[Site "Batumi"]
[Date "2018.10.05"]
[Round "11"]
[Board "1"]
[WhiteFideId "5201268"]
[White "Sadorra Julio Catalino"]
[BlackFideId "12401137"]
[Black "Le Quang Liem"]
[Result "0-1"]
[LiveChessVersion "1.4.8"]
[BlackElo "2715"]
[WhiteElo "2553"]

1. Nf3 {[%clk 1:30:52]} c5 {[%clk 1:30:37]} 2. c4 {[%clk 1:31:02]} Nf6
{[%clk 1:30:58]} 3. b3 {[%clk 1:30:56]} d5 {[%clk 1:31:18]} 4. cxd5
{[%clk 1:30:59]} Nxd5 {[%clk 1:31:41]} 5. Bb2 {[%clk 1:31:25]} Nc6
{[%clk 1:32:01]} 6. e3 {[%clk 1:30:53]} Ndb4 {[%clk 1:31:33]} 7. d3
{[%clk 1:25:04]} Bf5 {[%clk 1:31:52]} 8. e4 {[%clk 1:25:28]} Bg4 {[%clk 1:32:14]}
9. a3 {[%clk 1:25:43]} Bxf3 {[%clk 1:32:31]} 10. gxf3 {[%clk 1:26:05]} Na6
{[%clk 1:32:54]} 11. d4 {[%clk 1:17:14]} cxd4 {[%clk 1:31:51]} 12. b4
{[%clk 1:16:04]} Nc7 {[%clk 1:32:12]} 13. Nd2 {[%clk 1:13:50]} a6
{[%clk 1:27:24]} 14. f4 {[%clk 1:09:09]} g6 {[%clk 1:27:04]} 15. Nf3
{[%clk 1:08:21]} Bg7 {[%clk 1:25:42]} 16. Bc4 {[%clk 1:08:28]} e6
{[%clk 1:11:44]} 17. h4 {[%clk 0:54:55]} h5 {[%clk 0:58:14]} 18. Kf1
{[%clk 0:43:59]} Qd6 {[%clk 0:54:06]} 19. Qd2 {[%clk 0:36:49]} Rd8
{[%clk 0:51:30]} 20. Rg1 {[%clk 0:31:57]} Rd7 {[%clk 0:46:58]} 21. Ne1
{[%clk 0:21:42]} Bh6 {[%clk 0:45:45]} 22. Nd3 {[%clk 0:21:58]} Rd8
{[%clk 0:41:30]} 23. a4 {[%clk 0:20:18]} b5 {[%clk 0:41:49]} 24. axb5
{[%clk 0:20:42]} axb5 {[%clk 0:42:14]} 25. Bb3 {[%clk 0:20:39]} O-O
{[%clk 0:41:20]} 26. e5 {[%clk 0:18:52]} Qd7 {[%clk 0:39:04]} 27. Qc2
{[%clk 0:07:47]} Nd5 {[%clk 0:36:17]} 28. f5 {[%clk 0:05:34]} exf5
{[%clk 0:32:38]} 29. Ra6 {[%clk 0:06:00]} Nce7 {[%clk 0:30:02]} 30. Rd6
{[%clk 0:03:58]} Qb7 {[%clk 0:28:03]} 31. Qc5 {[%clk 0:03:21]} Ne3+
{[%clk 0:25:39]} 32. Ke2 {[%clk 0:03:23]} Nc4 {[%clk 0:24:56]} 33. Qxd4
{[%clk 0:01:44]} Nc6 {[%clk 0:18:40]} 34. Qd5 {[%clk 0:01:18]} Rxd6
{[%clk 0:18:38]} 35. exd6 {[%clk 0:01:43]} Re8+ {[%clk 0:19:00]} 36. Kd1
{[%clk 0:01:17]} Re6 {[%clk 0:11:18]} 37. Bxc4 {[%clk 0:00:41]} bxc4
{[%clk 0:11:46]} 38. Nc5 {[%clk 0:00:38]} Qb5 {[%clk 0:11:44]} 39. d7
{[%clk 0:00:49]} c3 {[%clk 0:09:44]} 40. d8=Q+ {[%clk 0:31:07]} Nxd8
{[%clk 0:40:12]} 41. Qxd8+ {[%clk 0:31:26]} Re8 {[%clk 0:40:34]} 42. Qxe8+
{[%clk 0:16:24]} Qxe8 {[%clk 0:40:27]} 43. Bxc3 {[%clk 0:16:40]} Qd8+
{[%clk 0:40:39]} 44. Kc2 {[%clk 0:16:31]} Qxh4 {[%clk 0:41:00]} 45. Rd1
{[%clk 0:16:33]} Qxf2+ {[%clk 0:40:53]} 46. Kb3 {[%clk 0:16:59]} Bg7
{[%clk 0:41:05]} 47. Bxg7 {[%clk 0:14:58]} Kxg7 {[%clk 0:41:33]} 48. Rc1
{[%clk 0:15:21]} Qe2 {[%clk 0:40:44]} 49. Rc2 {[%clk 0:15:25]} Qf1
{[%clk 0:40:57]} 50. Rc4 {[%clk 0:15:33]} f4 {[%clk 0:40:47]} 51. b5
{[%clk 0:15:44]} f3 {[%clk 0:41:07]} 0-1